000 00345nam a22001337a 4500
008 170721b xxu||||| |||| 00| 0 eng d
020 _a9780321200198
041 _aeng
080 _a004
100 _a28
101 _aSHKI
245 _aSOFTWARE CONFIGURATION MANAGEMENT STRATEGIES AND IBM RATIONAL CLEARCASE
_cBELLAGIO, D.E
942 _2udc
_cBK
999 _c21742
_d21742